01206nam a22001817a 450000500170000000800410001702000180005804000070007604100080008308200210009110000130011224500440012526000380016930000300020736500610023752007000029865000260099820220122114844.0220122b ||||| |||| 00| 0 eng d a9780143428848 cAL aeng 223a181.45bSADI aSadhguru aInner EngineeringbA yogis guide to joy aIndiabPenguin Random Housec2016 axii,271p.bPBc21X13.2cm. 2Genrala4477b₹233.22c₹d₹299.00e22%f18-12-2021 a‘Inner Engineering is a fascinating read, rich with Sadhguru’s insights and his teachings. If you are ready, it is a tool to help awaken your own inner intelligence, the ultimate and supreme genius that mirrors the wisdom of the cosmos’—Deepak Chopra In his revolutionary new book, visionary, mystic and yogi Sadhguru distils his own experiences with spirituality and yoga and introduces the transformational concept of Inner Engineering. Developed by him over several years, this powerful practice serves to align the mind and the body with energies around and within, creating a world of limitless power and possibilities. Inner Engineering is your own software for joy and well-being. 2ReligionaPhilosopher